Process innovation : reeingeneering work through information technology /

Bibliographic Details
Main Author: Davenport, Thomas H.
Format: Book
Published: Boston: Harvard Business School Press, 1993.
Subjects:
LEADER 00893cam a2200241 7i4500
001 0000043058
005 20151104090000.0
005 ##20151104153500.0
002 ##000003284
003 ##MY-KlINT
008 151104 00010 eng
020 # # |a 0875843662 (asidfree paper)  
039 # 9 |y 201511041535  |z VLOAD 
090 0 0 |a 338.064 DAV  
100 1 # |a Davenport, Thomas H. 
245 0 0 |a Process innovation :   |b reeingeneering work through information technology /   |c Thomas H. Davenport. 
260 # # |a Boston:   |b Harvard Business School Press,   |c 1993. 
300 # # |a 337 p;   |c 25cm. 
505 0 # |a Process innovation - a revolutionary new approach that fuses information technology and human resource management - can dramatically improve business performance. 
650 # 0 |a Organizational change  
650 # 0 |a Information technology  
650 # 0 |a Technological innovations  
650 # 0 |a Production engineering